Stem cells-from drug to drug discovery (Record no. 395207)

MARC details
000 -LEADER
fixed length control field 00533 a2200205 4500
005 - DATE & TIME
control field 20260116154428.0
008 - FIXED-LENGTH DATA ELEMENTS--GENERAL INFORMATION
fixed length control field 260114b |||||||| |||| 00| 0 eng d
020 ## - ISBN
International Standard Book Number 9783110496284
Price £ 139.95
040 ## - CATALOGING SOURCE
Original cataloging agency VIVEKANANDA LIBRARY
082 ## - DDC NUMBER
Classification number 615.19
Book Number H125S
100 ## - MAIN ENTRY--PERSONAL NAME
Personal name Haider, Khawaja Husnain, ed.
245 ## - TITLE STATEMENT
Title Stem cells-from drug to drug discovery
260 ## - PUBLICATION, DISTRIBUTION, ETC. (IMPRINT)
Name of publisher, distributor, etc De Gruyter
Date of publication, distribution, etc 2017
Place of publication, distribution, etc Berlin
300 ## - PHYSICAL DESCRIPTION
Pages xvii, 213
650 ## - Subject
Subject Pharmacology
650 ## - Subject
Subject Drugs
650 ## - Subject
Subject Drugs Discovery
650 ## - Subject
Subject Drug Development
942 ## - ADDED ENTRY ELEMENTS (KOHA)
Koha item type Books
Holdings
Withdrawn status Lost status Source of classification or shelving scheme Damaged status Not for loan Location (home branch) Sublocation or collection (holding branch) Shelving location Date acquired Koha issues (times borrowed) Koha full call number Accession No. Koha date last seen Koha item type
    Dewey Decimal Classification     VIVEKANANDA LIBRARY VIVEKANANDA LIBRARY Vivekananda Library 17/12/2025   615.19 H125S 443725 17/12/2025 Books
© Designed and Maintained by Vivekananda Library, MDU Rohtak